COMMUNICATING & SOFT SKILLS (Record no. 32961)

MARC details
000 -LEADER
fixed length control field 00339nam a22001457a 4500
003 - CONTROL NUMBER IDENTIFIER
control field SGT
020 ## - INTERNATIONAL STANDARD BOOK NUMBER
International Standard Book Number 938426607-8
082 ## - DEWEY DECIMAL CLASSIFICATION NUMBER
Classification number 302.2
Item number PAW
100 ## - MAIN ENTRY--PERSONAL NAME
Personal name PAWAR, DR. SUNIL P.
245 ## - TITLE STATEMENT
Title COMMUNICATING & SOFT SKILLS
260 ## - PUBLICATION, DISTRIBUTION, ETC. (IMPRINT)
Place of publication, distribution, etc INDIA
Name of publisher, distributor, etc BIRLA PUB.
Year of Publication 2025
300 ## - PAGE DESCRIPTION
No. of Pages 220
650 ## - SUBJECT ADDED ENTRY--TOPICAL TERM
Topical term or geographic name as entry element COMMUNICATING & SOFT SKILLS
942 ## - ADDED ENTRY ELEMENTS (KOHA)
Source of classification or shelving scheme Dewey Decimal Classification
Koha item type Books
Holdings
Withdrawn status Lost status Source of classification or shelving scheme Damaged status Not for loan Collection code Home library Current library Shelving location Date acquired Vendor Name Cost, normal purchase price SGTU Bill Number Full call number Accession No. (Barcode) Date last seen Bill Date Koha item type Total Checkouts
    Dewey Decimal Classification   Not For Loan SCIENCE SGT Science & Social Sciences Library SGT Science & Social Sciences Library Reference Book 28/10/2025 ABC 250.00 SGTU 21721 302.2 PAW DP1006 28/10/2025 17/09/2025 Books  
    Dewey Decimal Classification     SCIENCE SGT Science & Social Sciences Library SGT Science & Social Sciences Library Text Book 28/10/2025 ABC 250.00 SGTU 21721 302.2 PAW DP1007 28/10/2025 17/09/2025 Books  
    Dewey Decimal Classification     SCIENCE SGT Science & Social Sciences Library SGT Science & Social Sciences Library Text Book 28/10/2025 ABC 250.00 SGTU 21721 302.2 PAW DP1008 28/10/2025 17/09/2025 Books  
    Dewey Decimal Classification     SCIENCE SGT Science & Social Sciences Library SGT Science & Social Sciences Library Text Book 28/10/2025 ABC 250.00 SGTU 21721 302.2 PAW DP1009 28/10/2025 17/09/2025 Books  
    Dewey Decimal Classification     SCIENCE SGT Science & Social Sciences Library SGT Science & Social Sciences Library Text Book 28/10/2025 ABC 250.00 SGTU 21721 302.2 PAW DP1010 28/10/2025 17/09/2025 Books